[Event "Tradewise Gibraltar Masters 14th"]
[Site "Gibraltar"]
[Date "2016.02.02"]
[Round "8.92"]
[White "Vea, Odin Blikra"]
[Black "Kozarcanin, Sead"]
[Result "1-0"]
[WhiteElo "2271"]
[BlackElo "2073"]
[PlyCount "99"]
[EventDate "2016.01.26"]
[EventType "swiss"]
[EventRounds "10"]
[EventCountry "GGB"]
[Source "www.saund.co.uk"]
[SourceDate "2005.02.07"]

1. e4 e5 2. Nf3 Nc6 3. Bb5 a6 4. Ba4 d6 5. c3 g6 6. O-O Bg7 7. d4 Bd7 8. Re1
Nf6 9. d5 Ne7 10. Bxd7+ Qxd7 11. Nbd2 O-O 12. Nc4 h6 13. a4 b6 14. h3 Nh7 15.
Nh2 f5 16. exf5 gxf5 17. f4 e4 18. Nf1 b5 19. Na5 Nf6 20. Ne3 Qe8 21. Nc6 Nxc6
22. dxc6 Qe6 23. g4 fxg4 24. hxg4 Rad8 25. axb5 axb5 26. g5 hxg5 27. fxg5 Nh7
28. Qd5 Rde8 29. Ra7 Qxd5 30. Nxd5 Re5 31. Nxc7 Nxg5 32. Kg2 Nf3 33. Re2 b4 34.
Be3 bxc3 35. bxc3 d5 36. Ra8 Rxa8 37. Nxa8 Re8 38. Nc7 Rf8 39. Nxd5 Be5 40. Bb6
Rf7 41. Rxe4 Kh7 42. Be3 Kg6 43. Bf4 Nh4+ 44. Kh3 Bxf4 45. Rxf4 Nf5 46. c7 Nd6
47. Kg4 Rxf4+ 48. Kxf4 Nc8 49. Ke5 Kf7 50. c4 1-0

[Event "Tradewise Gibraltar Masters 14th"]
[Site "Gibraltar"]
[Date "2016.02.02"]
[Round "8.93"]
[White "Darnell, Anton"]
[Black "Henderson De La Fuente, Lance"]
[Result "0-1"]
[WhiteElo "1979"]
[BlackElo "2270"]
[PlyCount "86"]
[EventDate "2016.01.26"]
[EventType "swiss"]
[EventRounds "10"]
[EventCountry "GGB"]
[Source "www.saund.co.uk"]
[SourceDate "2005.02.07"]

1. e4 c5 2. Nf3 Nc6 3. d4 cxd4 4. Nxd4 Nf6 5. Nc3 e5 6. Ndb5 d6 7. Bg5 a6 8.
Na3 b5 9. Nd5 Be7 10. Bxf6 Bxf6 11. c4 Nd4 12. cxb5 Bb7 13. Nc2 Bxd5 14. Nxd4
Bxe4 15. Nc6 Bxc6 16. bxc6 O-O 17. Bc4 Qa5+ 18. Qd2 Qxd2+ 19. Kxd2 d5 20. Bb3
Rac8 21. Ba4 e4 22. Rab1 d4 23. f4 Bd8 24. b4 Bc7 25. g3 Rfe8 26. Bd1 f5 27. a4
Rcd8 28. b5 axb5 29. Rxb5 d3 30. Bb3+ Kh8 31. Bd5 g5 32. Ke3 Rd6 33. Rc1 gxf4+
34. gxf4 Rh6 35. Rg1 Rh3+ 36. Rg3 Rh4 37. Bf7 Bxf4+ 38. Kd4 Rd8+ 39. Bd5 Bxg3
40. hxg3 d2 41. Rb1 e3+ 42. Kxe3 Rxd5 43. c7 Rc4 0-1

[Event "Tradewise Gibraltar Masters 14th"]
[Site "Gibraltar"]
[Date "2016.02.02"]
[Round "8.94"]
[White "Gavilan Diaz, Mario"]
[Black "Kandic, Milan"]
[Result "1/2-1/2"]
[WhiteElo "2261"]
[BlackElo "2109"]
[PlyCount "55"]
[EventDate "2016.01.26"]
[EventType "swiss"]
[EventRounds "10"]
[EventCountry "GGB"]
[Source "www.saund.co.uk"]
[SourceDate "2005.02.07"]

1. e4 c5 2. Nf3 Nc6 3. Nc3 Nf6 4. d4 cxd4 5. Nxd4 e5 6. Ndb5 d6 7. Bg5 a6 8.
Na3 b5 9. Bxf6 gxf6 10. Nd5 f5 11. g3 Bg7 12. Bg2 O-O 13. exf5 Bxf5 14. Ne3 Ne7
15. Nxf5 Nxf5 16. Bxa8 Qxa8 17. O-O Nd4 18. f3 e4 19. fxe4 Qxe4 20. c3 Ne2+ 21.
Kf2 Re8 22. Qc2 Bd4+ 23. cxd4 Qxd4+ 24. Kg2 Qd5+ 25. Kf2 Qd4+ 26. Kg2 Qd5+ 27.
Kf2 Qd4+ 28. Kg2 1/2-1/2

[Event "Tradewise Gibraltar Masters 14th"]
[Site "Gibraltar"]
[Date "2016.02.02"]
[Round "8.95"]
[White "Burrows, Martin P"]
[Black "Menna Barreto, Felipe Kubiaki"]
[Result "0-1"]
[WhiteElo "2115"]
[BlackElo "2247"]
[PlyCount "156"]
[EventDate "2016.01.26"]
[EventType "swiss"]
[EventRounds "10"]
[EventCountry "GGB"]
[Source "www.saund.co.uk"]
[SourceDate "2005.02.07"]

1. e4 c5 2. Nf3 d6 3. d4 cxd4 4. Nxd4 Nf6 5. Nc3 a6 6. Be3 e5 7. Nb3 Be6 8. Qd2
Be7 9. O-O-O Ng4 10. g3 Nd7 11. f4 Nxe3 12. Qxe3 Rc8 13. Kb1 O-O 14. f5 Bc4 15.
Bxc4 Rxc4 16. Nd5 Nf6 17. Nxf6+ Bxf6 18. Rd5 Qc7 19. Qd3 Rc8 20. c3 Be7 21. h4
b5 22. g4 Qb6 23. Nd2 R4c5 24. g5 Rxd5 25. exd5 f6 26. Ne4 Rf8 27. Rf1 Qc7 28.
Qe2 Qb7 29. Qd3 Qd7 30. Qf3 Kh8 31. gxf6 Bxf6 32. Ng5 Bxg5 33. hxg5 g6 34. f6
Qf5+ 35. Qxf5 gxf5 36. Rxf5 Kg8 37. Kc2 Kf7 38. Kd3 Kg6 39. Ke4 h6 40. gxh6
Kxh6 41. a4 Kg6 42. axb5 axb5 43. Rf1 Rxf6 44. Ra1 b4 45. cxb4 Rf4+ 46. Ke3 Rd4
47. b5 Rxd5 48. Ra6 Kf5 49. Rb6 Rd4 50. Rb8 Rb4 51. b6 Ke6 52. b7 Kd7 53. Rh8
Rxb7 54. Rh2 Ke6 55. Kd3 Kd5 56. Kc3 Rc7+ 57. Kd3 Rg7 58. Rh6 Rg3+ 59. Kd2 e4
60. Kc2 Ke5 61. b4 d5 62. b5 d4 63. b6 Rg7 64. Rc6 Rb7 65. Kd2 Kd5 66. Rh6 Kc5
67. Re6 e3+ 68. Kd3 Rxb6 69. Re5+ Kd6 70. Rh5 Rb4 71. Rg5 Ke6 72. Rh5 Kf6 73.
Ra5 Rb1 74. Rh5 Rd1+ 75. Ke2 Rd2+ 76. Ke1 Ke6 77. Ra5 Rb2 78. Kd1 d3 0-1

[Event "Tradewise Gibraltar Masters 14th"]
[Site "Gibraltar"]
[Date "2016.02.02"]
[Round "8.96"]
[White "Lazarne Vajda, Szidonia"]
[Black "Hamer, Martyn"]
[Result "1-0"]
[WhiteElo "2359"]
[BlackElo "2058"]
[PlyCount "87"]
[EventDate "2016.01.26"]
[EventType "swiss"]
[EventRounds "10"]
[EventCountry "GGB"]
[Source "www.saund.co.uk"]
[SourceDate "2005.02.07"]

1. e4 Nf6 2. e5 Nd5 3. d4 d6 4. Nf3 Bg4 5. Be2 c6 6. O-O Bxf3 7. Bxf3 dxe5 8.
dxe5 e6 9. Qe2 Nd7 10. Re1 Qc7 11. Nd2 g6 12. Bxd5 cxd5 13. Nf3 Rc8 14. c3 Bg7
15. Bf4 O-O 16. h4 h6 17. g3 Rfe8 18. Qe3 Kh7 19. Kg2 Qb6 20. Nd4 Qxb2 21. Rab1
Qxc3 22. Rxb7 Qxe3 23. Rxe3 Red8 24. Rxa7 Kg8 25. Re2 Nb6 26. Rb2 Nc4 27. Rbb7
Bxe5 28. Bxe5 Nxe5 29. f4 Nc6 30. Nxc6 Rxc6 31. Rxf7 d4 32. Rg7+ Kf8 33. Rxg6
d3 34. Rxh6 Kg8 35. Rhh7 Rcd6 36. Rag7+ Kf8 37. Rf7+ Ke8 38. Rfg7 Kf8 39. h5 e5
40. Rf7+ Ke8 41. Re7+ Kf8 42. fxe5 d2 43. exd6 Rxd6 44. Rd7 1-0

[Event "Tradewise Gibraltar Masters 14th"]
[Site "Gibraltar"]
[Date "2016.02.02"]
[Round "8.97"]
[White "Myall, Ivan J"]
[Black "Saber, Yasser"]
[Result "0-1"]
[WhiteElo "2049"]
[BlackElo "2230"]
[PlyCount "136"]
[EventDate "2016.01.26"]
[EventType "swiss"]
[EventRounds "10"]
[EventCountry "GGB"]
[Source "www.saund.co.uk"]
[SourceDate "2005.02.07"]

1. e4 d6 2. d4 Nf6 3. Nc3 e5 4. Nf3 Nbd7 5. Bc4 Be7 6. O-O O-O 7. a4 c6 8. Re1
a5 9. h3 Nb6 10. Bb3 exd4 11. Nxd4 d5 12. exd5 Nbxd5 13. Nxd5 Nxd5 14. Qf3 Bf6
15. Rd1 Qb6 16. Nf5 Be6 17. Ne3 Nc7 18. Ng4 Bd4 19. Bf4 Bxg4 20. Qxg4 Ne6 21.
Bg3 Rad8 22. Bh4 Rd7 23. Kh1 h5 24. Qxh5 Re8 25. Bxe6 Rxe6 26. c3 Rd5 27. Qf3
Rh6 28. Bg3 Rf6 29. Qe2 Bxf2 30. Rxd5 cxd5 31. Bh2 Be3 32. Bc7 Qc5 33. Be5 Rg6
34. Bb8 Re6 35. Qd3 Qb6 36. Qb5 Qd8 37. Bh2 Rb6 38. Qe2 Qg5 39. Rf1 Rg6 40. Rf3
d4 41. cxd4 Bxd4 42. Bf4 Qh4 43. Qd2 Bb6 44. Kh2 Re6 45. Rb3 Qf6 46. Rf3 Re4
47. Bg3 Qe6 48. b3 Re2 49. Qd6 Qe4 50. Qf4 Qd5 51. Qf5 Qe6 52. Qxe6 fxe6 53.
Bd6 Bd4 54. Rf8+ Kh7 55. Rb8 b6 56. b4 axb4 57. Rb7 b3 58. Ba3 b2 59. Bxb2 Rxb2
60. Kg3 Ra2 61. Rd7 Rxa4 62. Rb7 Kg6 63. Kf4 Bc5+ 64. Kf3 e5 65. Rc7 e4+ 66.
Ke2 Ra2+ 67. Kf1 e3 68. Rc6+ Kf5 0-1

[Event "Tradewise Gibraltar Masters 14th"]
[Site "Gibraltar"]
[Date "2016.02.02"]
[Round "8.98"]
[White "Walton, Alan J"]
[Black "Vilarnovo Caamano, Jose"]
[Result "0-1"]
[WhiteElo "2206"]
[BlackElo "2043"]
[PlyCount "92"]
[EventDate "2016.01.26"]
[EventType "swiss"]
[EventRounds "10"]
[EventCountry "GGB"]
[Source "www.saund.co.uk"]
[SourceDate "2005.02.07"]

1. d4 d5 2. c4 c6 3. Nf3 Nf6 4. Nc3 dxc4 5. a4 Bf5 6. Ne5 Nbd7 7. Nxc4 Nb6 8.
Ne5 a5 9. g3 Nfd7 10. Nxd7 Qxd7 11. e4 Bh3 12. Bxh3 Qxh3 13. Qb3 Ra6 14. Be3 e6
15. Ke2 Bb4 16. Na2 Qh5+ 17. f3 O-O 18. Nxb4 axb4 19. g4 Qh3 20. Rag1 Qh4 21.
Ra1 Qh3 22. Kf2 Rfa8 23. Qxb4 h5 24. gxh5 Nxa4 25. Qd2 Qxh5 26. b3 Nb6 27. Rxa6
Rxa6 28. Bf4 Ra3 29. Rb1 Qb5 30. Be5 f6 31. Bc7 Rxb3 32. Rxb3 Qxb3 33. Qa5 Nc4
34. Qh5 Qe3+ 35. Kf1 Nd2+ 36. Kg2 Qe2+ 37. Kg3 Nxe4+ 38. Kh3 Ng5+ 39. Kg3 Ne4+
40. Kh3 Qf1+ 41. Kg4 Qg2+ 42. Bg3 f5+ 43. Kf4 Qd2+ 44. Ke5 Qa5+ 45. Kxe6 Qd5+
46. Ke7 Nf6 0-1

[Event "Tradewise Gibraltar Masters 14th"]
[Site "Gibraltar"]
[Date "2016.02.02"]
[Round "8.99"]
[White "Berrocal Ruiz, Valentin"]
[Black "Guthrie, David"]
[Result "0-1"]
[WhiteElo "2040"]
[BlackElo "2187"]
[PlyCount "82"]
[EventDate "2016.01.26"]
[EventType "swiss"]
[EventRounds "10"]
[EventCountry "GGB"]
[Source "www.saund.co.uk"]
[SourceDate "2005.02.07"]

1. d4 Nf6 2. c4 g6 3. Nc3 Bg7 4. e4 d6 5. Nf3 O-O 6. Be2 e5 7. O-O Nc6 8. d5
Ne7 9. b4 Nh5 10. Re1 a5 11. bxa5 c5 12. a4 Rxa5 13. Bd2 h6 14. Qc2 Ra6 15. Ra3
Nf4 16. Bf1 g5 17. Bxf4 exf4 18. e5 dxe5 19. Nxe5 Nf5 20. Nb5 Re8 21. Nf3 Rxe1
22. Nxe1 Bd7 23. Nd3 Nd4 24. Qa2 b6 25. a5 Rxa5 26. Rxa5 bxa5 27. Nxc5 Bxb5 28.
cxb5 f3 29. Qc4 Qe7 30. gxf3 Nxf3+ 31. Kg2 Ne5 32. Qd4 Qd6 33. Ne4 Qg6 34. Be2
Nf3 35. Qc4 Nd4 36. Qc8+ Kh7 37. Bd3 f5 38. Ng3 Qd6 39. Nxf5 Qxd5+ 40. Kg1 Nf3+
41. Kg2 Nh4+ 0-1

[Event "Tradewise Gibraltar Masters 14th"]
[Site "Gibraltar"]
[Date "2016.02.02"]
[Round "8.100"]
[White "Korning, Peter"]
[Black "Semprun Martinez, Fernando"]
[Result "0-1"]
[WhiteElo "2015"]
[BlackElo "2178"]
[PlyCount "100"]
[EventDate "2016.01.26"]
[EventType "swiss"]
[EventRounds "10"]
[EventCountry "GGB"]
[Source "www.saund.co.uk"]
[SourceDate "2005.02.07"]

1. e4 c5 2. d4 cxd4 3. c3 Nf6 4. e5 Nd5 5. Qxd4 e6 6. Bc4 Nc6 7. Qe4 Nde7 8.
Nf3 Ng6 9. O-O Qc7 10. Re1 Ncxe5 11. Nxe5 Nxe5 12. Qxe5 Qxc4 13. Qg3 f6 14. Nd2
Qc6 15. Nf3 Kf7 16. Bf4 d6 17. Nd4 Qd5 18. Be3 e5 19. c4 Qe4 20. f3 Qg6 21. Nb5
Qxg3 22. hxg3 Be6 23. Nxa7 Bxc4 24. b3 Ba6 25. Rac1 d5 26. Rc7+ Ke6 27. Nc8 Bb4
28. Rec1 d4 29. Bf2 d3 30. Be3 d2 31. Bxd2 Bxd2 32. Re7+ Kf5 33. Nd6+ Kg6 34.
Rcc7 Bh6 35. g4 Bd3 36. Rc3 Bb1 37. Rcc7 Rxa2 38. Nf7 Rg8 39. g3 Be3+ 40. Kh1
h6 41. Nd8 h5 42. gxh5+ Kxh5 43. Ne6 Bh6 44. Rc4 e4 45. Rc5+ Kg6 46. f4 e3 47.
Nd4 Rd8 48. Rc4 b5 49. Rc1 Rxd4 50. Rxb1 e2 0-1

[Event "Tradewise Gibraltar Masters 14th"]
[Site "Gibraltar"]
[Date "2016.02.02"]
[Round "8.101"]
[White "Marcos Herrero, Francisco"]
[Black "Osuna Vega, Enrique"]
[Result "0-1"]
[WhiteElo "1982"]
[BlackElo "2127"]
[PlyCount "72"]
[EventDate "2016.01.26"]
[EventType "swiss"]
[EventRounds "10"]
[EventCountry "GGB"]
[Source "www.saund.co.uk"]
[SourceDate "2005.02.07"]

1. Nf3 d6 2. d4 Nf6 3. c4 Nbd7 4. g3 e5 5. Bg2 g6 6. Nc3 Bg7 7. O-O O-O 8. e4
Re8 9. h3 exd4 10. Nxd4 Nc5 11. Re1 a5 12. Qc2 Nfd7 13. Be3 Ne5 14. b3 Ncd3 15.
Red1 Nb4 16. Qe2 Bd7 17. Rac1 Qc8 18. Ndb5 Bxh3 19. Bxh3 Qxh3 20. Nxc7 Ng4 21.
Qf3 Qh2+ 22. Kf1 Qh5 23. Ke2 Bxc3 24. Rxc3 d5 25. Nxa8 dxe4 26. Qh1 Nh2+ 27. f3
exf3+ 28. Kf2 Ng4+ 29. Kg1 Qe5 30. Qxf3 Qxc3 31. Qxg4 Qxe3+ 32. Kg2 Rxa8 33.
Rd7 Nd3 34. Rxb7 Qf2+ 35. Kh3 Qf1+ 36. Kh4 Qh1+ 0-1

[Event "Tradewise Gibraltar Masters 14th"]
[Site "Gibraltar"]
[Date "2016.02.02"]
[Round "8.102"]
[White "Omoifo, Osemekhian I"]
[Black "Suez-Panama, Gilles"]
[Result "1-0"]
[WhiteElo "2106"]
[BlackElo "2032"]
[PlyCount "119"]
[EventDate "2016.01.26"]
[EventType "swiss"]
[EventRounds "10"]
[EventCountry "GGB"]
[Source "www.saund.co.uk"]
[SourceDate "2005.02.07"]

1. Nf3 Nf6 2. c4 c5 3. Nc3 d5 4. cxd5 Nxd5 5. d4 Nxc3 6. bxc3 g6 7. e3 Bg7 8.
Be2 O-O 9. O-O Qc7 10. Ba3 Nd7 11. Qb3 b6 12. Rac1 Bb7 13. Rfd1 e6 14. Bb2 Rfd8
15. Ba1 Rac8 16. Qb1 Nf6 17. Bb2 Ng4 18. h3 Nh6 19. Ba3 c4 20. Nd2 Ba6 21. e4
Rd7 22. Nf3 f6 23. Re1 Nf7 24. Rcd1 Bb7 25. Bf1 Bh6 26. Bc1 Bxc1 27. Qxc1 b5
28. a4 a6 29. axb5 axb5 30. Qb2 Bc6 31. Ra1 Qf4 32. Re3 Qb8 33. Nd2 Qb7 34.
Ree1 Ng5 35. f3 Ra8 36. e5 Rxa1 37. Qxa1 f5 38. Rb1 Qa7 39. Qb2 Nf7 40. Kh2 Qc7
41. f4 Qd8 42. g3 g5 43. Bg2 Bxg2 44. Kxg2 gxf4 45. gxf4 Qa8+ 46. Kh2 Nh6 47.
Qxb5 Qe8 48. Rg1+ Kh8 49. Nxc4 Qe7 50. Nd6 Ng4+ 51. hxg4 Qh4+ 52. Kg2 Qxg4+ 53.
Kf2 Qxf4+ 54. Ke2 Qh2+ 55. Kd3 Qxg1 56. Qxd7 Qb1+ 57. Kc4 Qa2+ 58. Kc5 Qd5+ 59.
Kb6 Qb3+ 60. Nb5 1-0

[Event "Tradewise Gibraltar Masters 14th"]
[Site "Gibraltar"]
[Date "2016.02.02"]
[Round "8.103"]
[White "Lochte, Szilvia"]
[Black "Pakosta, Miroslav"]
[Result "0-1"]
[WhiteElo "1913"]
[BlackElo "2097"]
[PlyCount "84"]
[EventDate "2016.01.26"]
[EventType "swiss"]
[EventRounds "10"]
[EventCountry "GGB"]
[Source "www.saund.co.uk"]
[SourceDate "2005.02.07"]

1. d4 d6 2. e4 Nf6 3. Nc3 g6 4. Be2 Bg7 5. Be3 Nc6 6. f4 h5 7. Nf3 Ng4 8. Bg1
O-O 9. h3 Nh6 10. Qd2 e6 11. Bf2 f5 12. e5 dxe5 13. fxe5 Nf7 14. Be3 Nb4 15.
O-O-O c6 16. g4 c5 17. gxh5 gxh5 18. Rhg1 cxd4 19. Nxd4 Kh7 20. Bxh5 Nxe5 21.
Rxg7+ Kxg7 22. Bh6+ Kh7 23. Bxf8 Qxf8 24. Rg1 Qh6 25. Rg5 Bd7 26. Nf3 Nbc6 27.
Bg6+ Nxg6 28. Qxd7+ Nge7 29. Kb1 Rd8 30. Qxb7 Qxh3 31. Ne1 Rb8 32. Qd7 Qxc3 33.
Nd3 Qf6 34. Rg1 Qh6 35. Qd6 Rg8 36. Re1 e5 37. Qc5 Qf6 38. Rh1+ Kg7 39. Qc4 Kf8
40. Nc5 Qd6 41. a3 Qd5 42. Ne6+ Kf7 0-1

[Event "Tradewise Gibraltar Masters 14th"]
[Site "Gibraltar"]
[Date "2016.02.02"]
[Round "8.104"]
[White "Pabalan, Rocky"]
[Black "Henrichsen, Jens"]
[Result "1/2-1/2"]
[WhiteElo "2089"]
[BlackElo "2012"]
[PlyCount "62"]
[EventDate "2016.01.26"]
[EventType "swiss"]
[EventRounds "10"]
[EventCountry "GGB"]
[Source "www.saund.co.uk"]
[SourceDate "2005.02.07"]

1. e4 e5 2. Nf3 Nc6 3. Bb5 a6 4. Ba4 Nf6 5. Qe2 b5 6. Bb3 Be7 7. c3 O-O 8. O-O
d5 9. exd5 Nxd5 10. Nxe5 Nxe5 11. Qxe5 Bb7 12. d4 Bd6 13. Qh5 Qd7 14. Bxd5 Bxd5
15. Be3 Rae8 16. Nd2 f5 17. Nf3 Re6 18. Rfe1 c6 19. Bd2 Rfe8 20. a3 g6 21. Qh3
Re2 22. Ng5 Rxe1+ 23. Rxe1 Rxe1+ 24. Bxe1 Bf4 25. Nf3 Qe6 26. Ne5 Bxe5 27. dxe5
Qxe5 28. Qe3 Qxe3 29. fxe3 Kf7 30. Bg3 Ke6 31. Bf4 Be4 1/2-1/2

[Event "Tradewise Gibraltar Masters 14th"]
[Site "Gibraltar"]
[Date "2016.02.02"]
[Round "8.105"]
[White "Burke, Mitchell R"]
[Black "De Rosa, Mariagrazia"]
[Result "1/2-1/2"]
[WhiteElo "2002"]
[BlackElo "2088"]
[PlyCount "61"]
[EventDate "2016.01.26"]
[EventType "swiss"]
[EventRounds "10"]
[EventCountry "GGB"]
[Source "www.saund.co.uk"]
[SourceDate "2005.02.07"]

1. e4 c5 2. Nc3 d6 3. f4 g6 4. Nf3 Bg7 5. Bc4 Nc6 6. O-O Na5 7. Be2 Nf6 8. Qe1
O-O 9. Qh4 Nc6 10. d3 Nd4 11. Bd1 Bd7 12. Ne2 Nxf3+ 13. Rxf3 e6 14. g4 Bc6 15.
Rh3 h5 16. g5 Nd7 17. Ng3 f5 18. exf5 exf5 19. c3 Qe7 20. Nf1 Qe6 21. Qf2 Rfe8
22. Re3 Qf7 23. Bf3 Bxf3 24. Qxf3 Nb6 25. a3 Nd5 26. Rxe8+ Rxe8 27. Bd2 Nb6 28.
Re1 Rxe1 29. Bxe1 Qd5 30. Qxd5+ Nxd5 31. Bd2 1/2-1/2

[Event "Tradewise Gibraltar Masters 14th"]
[Site "Gibraltar"]
[Date "2016.02.02"]
[Round "8.106"]
[White "Dasaolu, Rotimi"]
[Black "Goncalves, Jose Antonio Silvei"]
[Result "0-1"]
[WhiteElo "2060"]
[BlackElo "1984"]
[Annotator "Rudd,Jack"]
[PlyCount "56"]
[EventDate "2016.01.26"]
[EventType "swiss"]
[EventRounds "10"]
[EventCountry "GGB"]
[Source "www.saund.co.uk"]
[SourceDate "2005.02.07"]

1. Nf3 Nf6 2. c4 e6 3. g3 b6 4. Bg2 Bb7 5. O-O Be7 6. Nc3 O-O 7. d4 d5 8. cxd5
Nxd5 9. Qc2 Nxc3 10. bxc3 c5 11. Rd1 Qc8 12. Ba3 Nd7 13. Rac1 Bc6 14. Ne1 Bxg2
15. Nxg2 Nf6 16. c4 Qc6 17. d5 Qd6 18. Bb2 exd5 19. cxd5 Rfe8 20. Ne3 Qd7 21.
d6 Bd8 22. Qc4 Re4 23. Qd3 Re6 24. Nc4 Qb5 25. Rb1 Qa4 26. Qf3 Rc8 27. Rbc1 Qc6
28. Qxc6 Rxc6 {time} 0-1

[Event "Tradewise Gibraltar Masters 14th"]
[Site "Gibraltar"]
[Date "2016.02.02"]
[Round "8.107"]
[White "Boado Rodriguez, Martin"]
[Black "George, Lolomari Erekosima"]
[Result "1-0"]
[WhiteElo "2121"]
[BlackElo "1937"]
[PlyCount "91"]
[EventDate "2016.01.26"]
[EventType "swiss"]
[EventRounds "10"]
[EventCountry "GGB"]
[Source "www.saund.co.uk"]
[SourceDate "2005.02.07"]

1. e4 c6 2. d4 d5 3. exd5 cxd5 4. c4 Nf6 5. Nc3 g6 6. cxd5 Bg7 7. Bc4 O-O 8. a4
Na6 9. Nge2 Nc7 10. Qb3 e6 11. dxe6 Nxe6 12. d5 Nc5 13. Qd1 b6 14. O-O Bb7 15.
Bf4 Rc8 16. Rc1 a6 17. b4 Nce4 18. Nxe4 Nxe4 19. Qd3 Re8 20. Bxa6 Rxc1 21. Rxc1
Qxd5 22. Qxd5 Bxd5 23. Be3 Bf8 24. Nf4 Bb3 25. Bb5 Rb8 26. Rb1 Bc2 27. Rc1 Bb3
28. Nd3 Nd6 29. Rc3 Bd1 30. Bc6 Rc8 31. Rc1 Be2 32. Nf4 Bc4 33. b5 Bb3 34. Nd5
Nc4 35. Bd4 Ba3 36. Rc3 Bb2 37. Ne7+ Kf8 38. Nxc8 Bxc3 39. Bxc3 Bxa4 40. Kf1
Kg8 41. Ne7+ Kf8 42. Nd5 Kg8 43. Bb4 f5 44. f4 Kf7 45. Kf2 Bc2 46. Ne3 1-0

[Event "Tradewise Gibraltar Masters 14th"]
[Site "Gibraltar"]
[Date "2016.02.02"]
[Round "8.108"]
[White "Skutta, Bernd"]
[Black "Campbell, Charles"]
[Result "1-0"]
[WhiteElo "1966"]
[BlackElo "2157"]
[PlyCount "117"]
[EventDate "2016.01.26"]
[EventType "swiss"]
[EventRounds "10"]
[EventCountry "GGB"]
[Source "www.saund.co.uk"]
[SourceDate "2005.02.07"]

1. d4 Nf6 2. Nf3 e6 3. c4 b6 4. g3 Bb7 5. Bg2 Bb4+ 6. Bd2 Be7 7. O-O d6 8. Nc3
Nbd7 9. Qc2 c5 10. d5 e5 11. e4 O-O 12. Nh4 g6 13. Bh6 Re8 14. h3 Nh5 15. Nf3
Bf8 16. Qd2 a6 17. a4 Rb8 18. Nh2 Bc8 19. Ng4 Kh8 20. Kh2 Bg7 21. Bxg7+ Nxg7
22. f4 f5 23. Nh6 Rf8 24. Rae1 exf4 25. Qxf4 Ne5 26. exf5 Nd3 27. Qe4 Nxe1 28.
fxg6 Bf5 29. Rxf5 Nxf5 30. Nxf5 Rxf5 31. Qxf5 Nxg2 32. Kxg2 Qe7 33. Qh5 Rg8 34.
Qxh7+ Qxh7 35. gxh7 Kxh7 36. Ne4 Rg6 37. Kf3 Kg7 38. h4 Kf7 39. g4 Ke7 40. g5
Rg8 41. Kg4 Rf8 42. Nf6 b5 43. axb5 axb5 44. cxb5 Rb8 45. h5 Rxb5 46. h6 Rb8
47. h7 Kf7 48. Kf5 Kg7 49. g6 Rf8 50. Kg5 Kh8 51. Nh5 Rf2 52. Kh6 Rg2 53. g7+
Rxg7 54. Nxg7 c4 55. Kg5 Kxg7 56. Kf5 Kxh7 57. Ke6 Kg7 58. Kxd6 Kf8 59. Kc7 1-0

[Event "Tradewise Gibraltar Masters 14th"]
[Site "Gibraltar"]
[Date "2016.02.02"]
[Round "8.109"]
[White "Zachariassen, John"]
[Black "Kalthoff, Peter"]
[Result "0-1"]
[WhiteElo "1958"]
[BlackElo "2132"]
[PlyCount "108"]
[EventDate "2016.01.26"]
[EventType "swiss"]
[EventRounds "10"]
[EventCountry "GGB"]
[Source "www.saund.co.uk"]
[SourceDate "2005.02.07"]

1. c4 e5 2. Qc2 d6 3. Nc3 f5 4. d3 Nf6 5. g3 c6 6. Bg2 Be7 7. Nf3 O-O 8. Bd2
Na6 9. a3 Nc5 10. d4 e4 11. dxc5 exf3 12. Bxf3 dxc5 13. Rd1 Qe8 14. O-O Ng4 15.
Bg2 Qh5 16. h3 Ne5 17. b3 Bf6 18. f4 Nf7 19. Kh2 g5 20. fxg5 Nxg5 21. Bf4 Be6
22. h4 Nf7 23. Bf3 Qg6 24. e3 Rae8 25. Ne2 Be5 26. Rg1 Kh8 27. e4 Qf6 28. Rdf1
Nd6 29. Bh5 Bf7 30. Bxf7 Rxf7 31. Bg5 Qe6 32. Nc3 Nxe4 33. Nxe4 fxe4 34. Rxf7
Qxf7 35. Qe2 Bd4 36. Rf1 Qe6 37. Qh5 Qg6 38. Qe2 e3 39. Rf3 Kg8 40. Rf1 Qe4 41.
Bf4 b5 42. Qg4+ Qg6 43. Qe2 a5 44. Rd1 a4 45. b4 Qe4 46. bxc5 Bxc5 47. cxb5
cxb5 48. Rd3 Qe6 49. Rc3 Bd4 50. Rc7 Be5 51. Bxe5 Qxe5 52. Rb7 Rf8 53. Qd3 Rf2+
54. Kh3 Qe6+ 0-1

[Event "Tradewise Gibraltar Masters 14th"]
[Site "Gibraltar"]
[Date "2016.02.02"]
[Round "8.110"]
[White "Nordquelle, Daniel"]
[Black "Lindqvist, Roland"]
[Result "1-0"]
[WhiteElo "2102"]
[BlackElo "2018"]
[PlyCount "63"]
[EventDate "2016.01.26"]
[EventType "swiss"]
[EventRounds "10"]
[EventCountry "GGB"]
[Source "www.saund.co.uk"]
[SourceDate "2005.02.07"]

1. e4 e5 2. Nf3 Nc6 3. Bc4 Nf6 4. d3 Be7 5. O-O d6 6. a3 O-O 7. Re1 Be6 8. Nbd2
Qd7 9. c3 Rfe8 10. b4 g6 11. Qb3 Bf8 12. Bb2 Bg7 13. Rad1 b5 14. Bxe6 Qxe6 15.
c4 bxc4 16. dxc4 Nh5 17. g3 h6 18. b5 Na5 19. Qb4 Nb7 20. Nb3 Bf8 21. Qc3 f6
22. a4 a6 23. a5 Qd7 24. bxa6 Rxa6 25. Qb4 Qc6 26. Qb5 Ng7 27. Nh4 Kh7 28. Ng2
Rea8 29. Ra1 Ne6 30. Ne3 Be7 31. Nd5 Bd8 32. Nb4 1-0

[Event "Tradewise Gibraltar Masters 14th"]
[Site "Gibraltar"]
[Date "2016.02.02"]
[Round "8.111"]
[White "Compton, Alistair"]
[Black "Odeh, Kenneth"]
[Result "1/2-1/2"]
[WhiteElo "2094"]
[BlackElo "2014"]
[PlyCount "105"]
[EventDate "2016.01.26"]
[EventType "swiss"]
[EventRounds "10"]
[EventCountry "GGB"]
[Source "www.saund.co.uk"]
[SourceDate "2005.02.07"]

1. e4 c6 2. d4 d5 3. exd5 cxd5 4. Nf3 Nc6 5. Ne5 Nxe5 6. dxe5 e6 7. Bd3 Ne7 8.
Nd2 Bd7 9. Nf3 Nc6 10. c3 Be7 11. O-O Qc7 12. Re1 h6 13. b4 a6 14. a4 d4 15.
cxd4 Nxb4 16. Ba3 Nxd3 17. Qxd3 Bc6 18. Nd2 Bxa3 19. Qxa3 O-O-O 20. Nb3 Qd7 21.
Rec1 Kb8 22. Qb4 Ka8 23. Qb6 Rc8 24. Qb4 Rhd8 25. f3 f6 26. Rc5 Bd5 27. Rxc8+
Rxc8 28. Nc5 Qc7 29. Rc1 fxe5 30. Nd3 Qd8 31. Rxc8+ Qxc8 32. Nxe5 h5 33. a5 h4
34. Qc5 Kb8 35. Qd6+ Ka8 36. Qc5 Kb8 37. Kf2 Qd8 38. Nf7 Qd7 39. Ne5 Qb5 40.
Qd6+ Ka7 41. Qc5+ Ka8 42. Qf8+ Ka7 43. Qc5+ Ka8 44. Qc8+ Ka7 45. Nd7 Qb2+ 46.
Ke3 Qa3+ 47. Kf4 Qd6+ 48. Kg5 Bc6 49. Ne5 Qxd4 50. Nxc6+ bxc6 51. Qc7+ Ka8 52.
Qxc6+ Ka7 53. Qc7+ 1/2-1/2

[Event "Tradewise Gibraltar Masters 14th"]
[Site "Gibraltar"]
[Date "2016.02.02"]
[Round "8.112"]
[White "Havik, Victor"]
[Black "Magnusdottir, Veronika Steinun"]
[Result "1-0"]
[WhiteElo "2092"]
[BlackElo "1762"]
[PlyCount "69"]
[EventDate "2016.01.26"]
[EventType "swiss"]
[EventRounds "10"]
[EventCountry "GGB"]
[Source "www.saund.co.uk"]
[SourceDate "2005.02.07"]

1. d4 d5 2. Bf4 c5 3. e3 Nf6 4. Nd2 Nc6 5. c3 Bf5 6. Ngf3 e6 7. Qb3 Qb6 8. h3
c4 9. Qxb6 axb6 10. Nh4 b5 11. Nxf5 exf5 12. a3 b4 13. cxb4 Bxb4 14. Rc1 Ba5
15. f3 O-O 16. Kd1 Nh5 17. b4 Nxf4 18. bxa5 Ng6 19. g3 Rxa5 20. Rc3 Rfa8 21.
Nb1 Na7 22. e4 Nb5 23. Rc1 fxe4 24. fxe4 dxe4 25. Bxc4 Nxd4 26. Kd2 Ne5 27. Ba2
Ndf3+ 28. Ke3 Rxa3+ 29. Nxa3 Rxa3+ 30. Kxe4 Ra4+ 31. Kd5 Rd4+ 32. Kc5 Nd3+ 33.
Kb6 Nxc1 34. Rxc1 Rb4+ 35. Ka5 1-0